LIBRARY ONLINE CATALOGUE

The Oxford dictionary of musical terms / (Record no. 15229)

MARC details
000 -LEADER
fixed length control field 00652nam a22002172 4500
001 - CONTROL NUMBER
control field 0000020302
005 - DATE AND TIME OF LATEST TRANSACTION
control field 20151217161159.0
008 - FIXED-LENGTH DATA ELEMENTS--GENERAL INFORMATION
fixed length control field 110909s xx 000 0 eng d
020 ## - INTERNATIONAL STANDARD BOOK NUMBER
International Standard Book Number 0198806987 :
040 ## - CATALOGING SOURCE
Original cataloging agency KABU
Transcribing agency KABU
245 14 - TITLE STATEMENT
Title The Oxford dictionary of musical terms /
Statement of responsibility, etc. edited by Alison Latham.
250 ## - EDITION STATEMENT
Edition statement 1st ed.
260 ## - PUBLICATION, DISTRIBUTION, ETC. (IMPRINT)
Place of publication, distribution, etc. Oxford :
Name of publisher, distributor, etc. O. U. P,
Date of publication, distribution, etc. 2004.
300 ## - PHYSICAL DESCRIPTION
Extent 205, [3] p.
650 #0 - SUBJECT ADDED ENTRY--TOPICAL TERM
Topical term or geographic name as entry element Music
Form subdivision Dictionaries.
-- 0000151926
650 #0 - SUBJECT ADDED ENTRY--TOPICAL TERM
Topical term or geographic name as entry element Music
General subdivision Terminology.
-- 0000180457
700 1# - ADDED ENTRY--PERSONAL NAME
Personal name Latham, Alison.
-- 0000083006
852 1# - LOCATION
-- p1260 KES
908 ## - PUT COMMAND PARAMETER (RLIN)
Put command parameter 110909
950 ## - LOCAL HOLDINGS (RLIN)
-- 1
Holdings
Withdrawn status Lost status Source of classification or shelving scheme Not for loan Home library Current library Date acquired Total Checkouts Full call number Barcode Date last seen Price effective from Koha item type
    Library of Congress Classification Not For Loan Kabarak, Main Campus Kabarak, Main Campus 17/12/2015   ML108 .O94 2004 c. 1 21322 17/12/2015 17/12/2015 Reference